Words That Rhyme With "Rain" - Statistics

General Stats
  • This quiz has been taken 263 times
    218 since last reset
  • The average score is 27 of 39
Answer Stats
Words % Correct
Pain
99%
Pane
99%
Main
94%
Mane
94%
Cane
93%
Lane
93%
Bane
91%
Train
87%
Brain
85%
Crane
85%
Gain
85%
Sane
84%
Drain
83%
Wain
83%
Wane
83%
Plain
81%
Plane
81%
Vain
80%
Vane
80%
Stain
79%
Grain
78%
Slain
70%
Reign
68%
Strain
68%
Chain
65%
Fain
64%
Blain
62%
Spain
62%
Feign
61%
Vein
57%
Sprain
52%
Deign
49%
Swain
46%
Thane
39%
Rein
37%
Maine
35%
Twain
35%
Skein
21%
Quoin
3%
No matching quizzes found
Score Distribution
Percent of People with Each Score
Percentile by Number Answered
Your Score History
You have not taken this quiz since the last reset